zpět

Detail výsledku týmu

Music Bar Forea, Lanškroun

Datum a čas kvízu

20 Celkem bodů Celkový počet nahraných bodů na tomto kvízu bez doplňovacích otázek.
4. Pořadí na kvízu Konečné umístění týmu na tomto kvízu.

Zaznamenané odpovědi

# Otázka Odpověď Body Výsledky
1. V Praze byla v úterý symbolick... na Karlově mostě 1
2. Ve středu skončilo ruské refer... do roku 2036 (uznáváme 2033 – 39) 1
3. Letní filmovou školu v Uherské... Václav Havel 0
4. Do konce června museli čeští p... Ivo Valenta 0
5. Historicky druhý nejlepší stře... Milan Baroš 1
6. Toto téma začneme poněkud netr... Manželství na zkoušku/manželství na rok a den. 0
7. Kromě Yoko Ono, i další manžel... Ringo Starr 1
8. Jedna z chotí československých... D 1
9. Slavná americká herečka Elizab... Paul Newman 0
10. Mysteriózní komediální americk... 1B 2D 3A 4C 0